000 00771cam a2200253 4500
001 13311
003 BD-RjUL
005 20211208235432.0
008 140130s1967 enkaf 001 0 eng d
035 _a(BD-RjUL)13362
040 _aDLC
_cDLC
_dDLC
_d(BD-RjUL)
_beng
041 _aeng
082 0 0 _a385.3610942
_bNOB 1967
100 1 _aNock, O. S.
_q(Oswald Stevens),
_d1905-
_941450
245 1 0 _aBritish steam locomotives at work /
_cby O. S. Nock.
260 _aLondon :
_bAllen & Unwin,
_c1967.
300 _a276 p. :
_b48 plates (94 illus.), tables. ;
_c24 1/2 cm.
504 _aIncludes Index
650 0 _aSteam locomotives
_xHistory.
_941451
650 0 _aRailroads
_zGreat Britain.
_921303
942 _2ddc
_cBK
999 _c13311
_d13311